<?xml version="1.0" encoding="UTF-8"?>
<record
    xmlns:xsi="http://www.w3.org/2001/XMLSchema-instance"
    xsi:schemaLocation="http://www.loc.gov/MARC21/slim http://www.loc.gov/standards/marcxml/schema/MARC21slim.xsd"
    xmlns="http://www.loc.gov/MARC21/slim">

  <leader>02132nab a22002897a 4500</leader>
  <datafield tag="999" ind1=" " ind2=" ">
    <subfield code="c">5562</subfield>
    <subfield code="d">5562</subfield>
  </datafield>
  <controlfield tag="003">OSt</controlfield>
  <controlfield tag="005">20251218091028.0</controlfield>
  <controlfield tag="008">190429b        xxu||||| |||| 00| 0 spa d</controlfield>
  <datafield tag="040" ind1=" " ind2=" ">
    <subfield code="c">PJ</subfield>
  </datafield>
  <datafield tag="100" ind1=" " ind2=" ">
    <subfield code="9">6540</subfield>
    <subfield code="a">Chaia, Rub&#xE9;n A.</subfield>
  </datafield>
  <datafield tag="245" ind1="1" ind2="0">
    <subfield code="a">"Por tus fotos te reconocer&#xE1;n". &#xBF;Es v&#xE1;lida la identificaci&#xF3;n del sospechado a partir de fotos de Facebook? /</subfield>
    <subfield code="c">Rub&#xE9;n A. Chaia.</subfield>
  </datafield>
  <datafield tag="260" ind1=" " ind2=" ">
    <subfield code="c">Ciudad Aut&#xF3;noma de Buenos Aires :</subfield>
    <subfield code="a">Thomson Reuters La Ley, </subfield>
    <subfield code="b">2025.</subfield>
  </datafield>
  <datafield tag="300" ind1=" " ind2=" ">
    <subfield code="a">p. 157-170</subfield>
  </datafield>
  <datafield tag="500" ind1=" " ind2=" ">
    <subfield code="a">Cita: TR LALEY AR/DOC/397/2025.
</subfield>
  </datafield>
  <datafield tag="505" ind1=" " ind2=" ">
    <subfield code="a">Sumario: I. Las herramientas digitales como fuente de investigaciones privadas.&#x2014; II. El sistema penal ante el reclamo de mayor protagonismo y mejores resultados.&#x2014; III. Identificaci&#xF3;n a trav&#xE9;s de fotos publicadas en Redes Sociales.&#x2014; IV. Redes sociales. Pesquisas en cuentas p&#xFA;blicas.&#x2014; V. Redes sociales. Pesquisas en cuentas privadas.&#x2014; VI. Identificaci&#xF3;n en l&#xED;nea y rueda de personas.&#x2014; VII. Identificaci&#xF3;n en l&#xED;nea y reconocimiento por im&#xE1;genes.&#x2014; VIII. Rastros digitales obtenidos de Facebook, Instagram y Twitter.&#x2014; IX. &#xBF;Utilizar fotos de la historia o muro puede afectar la privacidad?&#x2014; X. &#xBF;Utilizar fotos del muro puede violentar el principio de no autoincriminaci&#xF3;n?&#x2014; XI. &#xBF;Existen l&#xED;mites a la b&#xFA;squeda en relaci&#xF3;n con la v&#xED;ctima?&#x2014; XII. Identificaci&#xF3;n a partir de fotos y videos enviados por WhatsApp.&#x2014; XIII. Reconocimiento de efectos mediante publicaciones en redes sociales.&#x2014; XIV. An&#xE1;lisis de casos.&#x2014; XV. Diez reflexiones finales.</subfield>
  </datafield>
  <datafield tag="505" ind1=" " ind2=" ">
    <subfield code="t">Si te interesa el texto completo, solicitalo a koha@justierradelfuego.gov.ar </subfield>
  </datafield>
  <datafield tag="650" ind1=" " ind2="0">
    <subfield code="9">343</subfield>
    <subfield code="a">DERECHO PENAL</subfield>
  </datafield>
  <datafield tag="650" ind1=" " ind2="0">
    <subfield code="9">6081</subfield>
    <subfield code="a">CIENCIA Y TECNOLOG&#xCD;A</subfield>
  </datafield>
  <datafield tag="650" ind1=" " ind2="0">
    <subfield code="9">281</subfield>
    <subfield code="a">INTERNET</subfield>
  </datafield>
  <datafield tag="650" ind1=" " ind2="0">
    <subfield code="9">3404</subfield>
    <subfield code="a">MEDIOS DE PRUEBA ELECTR&#xD3;NICOS</subfield>
  </datafield>
  <datafield tag="650" ind1=" " ind2="0">
    <subfield code="9">3406</subfield>
    <subfield code="a">EVIDENCIA DIGITAL</subfield>
  </datafield>
  <datafield tag="650" ind1=" " ind2="0">
    <subfield code="9">2724</subfield>
    <subfield code="a">DERECHO A LA INTIMIDAD</subfield>
  </datafield>
  <datafield tag="650" ind1=" " ind2="0">
    <subfield code="9">4109</subfield>
    <subfield code="a">REDES SOCIALES</subfield>
  </datafield>
  <datafield tag="650" ind1=" " ind2="0">
    <subfield code="9">5558</subfield>
    <subfield code="a">PUBLICACI&#xD3;N DE FOTOGRAF&#xCD;A</subfield>
  </datafield>
  <datafield tag="773" ind1="0" ind2=" ">
    <subfield code="0">2658</subfield>
    <subfield code="9">3164</subfield>
    <subfield code="t">Revista de derecho penal y criminolog&#xED;a. N&#xBA; 3 - Abril 2025</subfield>
    <subfield code="d">Ciudad Aut&#xF3;noma de Buenos Aires : Thomson Reuters La Ley, 2017-</subfield>
    <subfield code="x">00347914</subfield>
  </datafield>
  <datafield tag="942" ind1=" " ind2=" ">
    <subfield code="2">udc</subfield>
    <subfield code="c">ANA</subfield>
  </datafield>
</record>
